Least Guessed NFL Teams on JetPunk - Statistics

General Stats
  • This quiz has been taken 387 times
  • The average score is 4 of 5
Answer Stats
% Team % Correct
72 Tennessee Titans
77%
72 Tampa Bay Buccaneers
72%
70 Buffalo Bills
70%
71 Los Angeles Rams
68%
70 Kansas City Chiefs
67%
No matching quizzes found
Score Distribution
Percent of People with Each Score
Percentile by Number Answered
Your Score History
You have not taken this quiz